|
|
|
|
| LEADER |
01059pam a22002898a 4500 |
| 001 |
00044561 |
| 005 |
20190815140855.0 |
| 008 |
110414s1998 ||||||Viesd |
| 020 |
# |
# |
|c 12000
|
| 041 |
0 |
# |
|a Vie
|
| 082 |
1 |
4 |
|a 621.381
|b TH552H
|
| 245 |
0 |
0 |
|a Thực hành kĩ thuật điện tử
|c Lê Thế Quang (ch.b.), Trịnh Văn Đích, Nguyễn Danh Điệp,... [và những người khác]
|
| 260 |
# |
# |
|a Hà Nội
|b Đại học Sư phạm
|c 2004
|
| 300 |
# |
# |
|b hình vẽ
|a 132 tr.
|c 24 cm.
|
| 490 |
# |
# |
|a Thư mục: tr. 131
|
| 653 |
# |
# |
|a Giáo trình
|
| 653 |
# |
# |
|a Kỹ thuật điện tử
|
| 653 |
# |
# |
|a Thực hành
|
| 700 |
0 |
# |
|e Chủ biên
|a Lê, Thế Quang
|
| 700 |
1 |
# |
|a Lê, Hùng
|
| 700 |
1 |
# |
|a Nguyễn, Danh Điệp
|
| 700 |
1 |
# |
|a Ngô, Văn Hoan
|
| 700 |
1 |
# |
|a Trịnh, Văn Đích
|
| 700 |
1 |
# |
|a Đặng, Văn Nghĩa
|
| 852 |
# |
# |
|j KGT.0058515
|j KD.0025320
|j KGT.0058514
|
| 910 |
# |
# |
|d 15/08/2019
|
| 980 |
# |
# |
|a Trung tâm Học liệu Lê Vũ Hùng, Trường Đại học Đồng Tháp
|